| 000 | 00689nam a22002297a 4500 | ||
|---|---|---|---|
| 005 | 20170124105920.0 | ||
| 010 | _aA-997966 | ||
| 020 | _c250.00 | ||
| 035 | _aA-997966 | ||
| 037 | _bCen Lib/Ret | ||
| 040 |
_aDPL _bEN |
||
| 082 |
_a307.772 _bSAX |
||
| 100 |
_aSaxena, L.L. _94170 |
||
| 245 |
_aThe bhils of rajasthan : _cby L.L. Saxena _btheir habbits, economy and society / |
||
| 246 | _b | ||
| 260 |
_bBooks Treasure _c2000 _aJodhpur |
||
| 270 |
_bJodhpur _aSojati gate _e342001 |
||
| 300 |
_av, 176p. _c21cm(Hb) |
||
| 650 |
_aSocial Organization _z _94171 |
||
| 650 |
_aCultural & Social Dimensions--Rajasthan _974452 |
||
| 942 |
_2ddc _cEN _h307.772 _mSAX |
||
| 999 |
_c123107 _d123107 |
||